Score 0/65 Timer 10:00
0 Plays Today
% Correct
American black bear
94.5%
Brown bear
94.5%
Polar bear
93.4%
White-tailed deer
91.2%
Mule deer
90.8%
Gray wolf
89.7%
Cougar
88.6%
Red wolf
88.6%
Moose
87.9%
Mouse (26 species)
86%
Pocket mouse (20 species)
85.7%
Fox (6 species)
85.7%
Kangaroo mouse (2 species)
85.3%
Jumping mouse (4 species)
85.3%
Kangaroo rat (16 species)
84.6%
Ground squirrel (21 species)
84.2%
Plains bison
83.8%
Woodrat (10 species)
83.5%
Rat (6 species)
83.5%
Squirrel (8 species)
83.1%
Flying squirrel (2 species)
83.1%
Antelope squirrel (4 species)
82.7%
Coyote
80.9%
Elk
77.9%
Raccoon
76.5%
Mountain beaver
75%
American beaver
75%
Rabbit (9 species)
74.6%
Bobcat
74.3%
Canadian lynx
71%
Weasel (3 species)
67.6%
Skunk (5 species)
67.3%
American badger
66.9%
% Correct
Pronghorn
66.5%
Marmot (5 species)
65.8%
River otter
65.8%
Virginia opossum
65.8%
Mole (6 species)
64.3%
Bighorn sheep
64.3%
Bat (45 species)
63.2%
Chipmunk (22 species)
62.1%
Hare (6 species)
61.8%
Mountain goat
60.7%
Caribou
59.2%
Jaguar
57.4%
Dall sheep
57%
Vole (27 species)
55.1%
Wolverine
54.8%
Nine-banded armadillo
51.1%
North American porcupine
50.4%
Black-footed ferret
50%
American mink
50%
Prairie dog (4 species)
48.2%
Shrew (32 species)
45.2%
Muskrat (2 species)
44.1%
Collared peccary
39%
Pocket gopher (15 species)
38.6%
Ocelot
34.6%
Fisher
34.6%
American marten
34.2%
Pika (2 species)
31.6%
Ringtail
27.2%
White-nosed coati
22.4%
Lemming (8 species)
22.1%
Jaguarundi
21.3%
Remove Ads.
Support Sporcle.
Get the best of Sporcle when you Go Orange. This ad-free experience offers more features, more stats, and more fun while also helping to support Sporcle. Thank you for becoming a member.

You're not logged in!

Compare scores with friends on all Sporcle quizzes.
OR
Log In

Show Comments

Extras

Top Quizzes Today


Score Distribution

Your Account Isn't Verified!

In order to create a playlist on Sporcle, you need to verify the email address you used during registration. Go to your Sporcle Settings to finish the process.

Report this User

Report this user for behavior that violates our Community Guidelines.

Details: